[Event "World Chess Olympiad 2018"]
[Site "Batumi"]
[Date "2018.10.04"]
[Round "10"]
[Board "1"]
[WhiteFideId "1506102"]
[White "Urkedal Frode Olav Olsen"]
[BlackFideId "927031"]
[Black "Popovic Dusan"]
[Result "1/2-1/2"]
[LiveChessVersion "1.4.8"]
[BlackElo "2517"]
[WhiteElo "2535"]

1. d4 {[%clk 1:30:57]} Nf6 {[%clk 1:30:55]} 2. c4 {[%clk 1:31:22]} g6
{[%clk 1:31:20]} 3. Nc3 {[%clk 1:31:49]} Bg7 {[%clk 1:31:44]} 4. e4
{[%clk 1:32:14]} d6 {[%clk 1:32:10]} 5. Nf3 {[%clk 1:32:40]} O-O {[%clk 1:32:35]}
6. h3 {[%clk 1:33:07]} e5 {[%clk 1:32:19]} 7. d5 {[%clk 1:33:32]} a5
{[%clk 1:32:42]} 8. g4 {[%clk 1:33:56]} Na6 {[%clk 1:32:53]} 9. Be3
{[%clk 1:34:21]} Nc5 {[%clk 1:33:02]} 10. Nd2 {[%clk 1:34:46]} Bd7
{[%clk 1:32:19]} 11. Be2 {[%clk 1:34:54]} c6 {[%clk 1:32:11]} 12. h4
{[%clk 1:34:33]} cxd5 {[%clk 1:32:03]} 13. cxd5 {[%clk 1:34:53]} Rc8
{[%clk 1:30:43]} 14. a4 {[%clk 1:34:10]} Ne8 {[%clk 1:29:41]} 15. h5
{[%clk 1:34:35]} Bf6 {[%clk 1:29:07]} 16. Nb3 {[%clk 1:34:47]} Nxb3
{[%clk 1:27:14]} 17. Qxb3 {[%clk 1:35:08]} Bg5 {[%clk 1:27:41]} 18. Qb6
{[%clk 1:29:02]} Qf6 {[%clk 1:23:43]} 19. Rg1 {[%clk 1:17:29]} h6
{[%clk 0:53:06]} 20. Ra3 {[%clk 0:50:35]} Bf4 {[%clk 0:49:24]} 21. Rb3
{[%clk 0:45:09]} Qg5 {[%clk 0:46:11]} 22. Bxf4 {[%clk 0:25:02]} exf4
{[%clk 0:45:47]} 23. Qa7 {[%clk 0:19:21]} Nf6 {[%clk 0:30:46]} 24. f3
{[%clk 0:16:11]} Rc5 {[%clk 0:25:45]} 25. Rxb7 {[%clk 0:15:05]} Qh4+
{[%clk 0:19:37]} 26. Kf1 {[%clk 0:10:12]} Nxh5 {[%clk 0:19:28]} 27. Rxd7
{[%clk 0:10:31]} Ng3+ {[%clk 0:18:51]} 28. Kg2 {[%clk 0:08:45]} h5
{[%clk 0:12:08]} 29. Bd1 {[%clk 0:02:22]} hxg4 {[%clk 0:06:07]} 30. fxg4
{[%clk 0:02:50]} Rxc3 {[%clk 0:06:22]} 31. bxc3 {[%clk 0:03:16]} Nxe4
{[%clk 0:06:46]} 32. Re7 {[%clk 0:03:29]} Qg3+ {[%clk 0:05:32]} 33. Kf1
{[%clk 0:03:48]} Qd3+ {[%clk 0:05:21]} 34. Be2 {[%clk 0:03:14]} Qh3+
{[%clk 0:05:39]} 35. Ke1 {[%clk 0:02:17]} Qxc3+ {[%clk 0:05:58]} 36. Kf1
{[%clk 0:02:43]} Qh3+ {[%clk 0:03:57]} 37. Ke1 {[%clk 0:03:08]} Qc3+
{[%clk 0:04:04]} 38. Kf1 {[%clk 0:03:34]} Qh3+ 1/2-1/2

[Event "World Chess Olympiad 2018"]
[Site "Batumi"]
[Date "2018.10.04"]
[Round "10"]
[Board "2"]
[WhiteFideId "937614"]
[White "Roganovic Milos"]
[BlackFideId "1512668"]
[Black "Christiansen Johan-Sebastian"]
[Result "1/2-1/2"]
[LiveChessVersion "1.4.8"]
[BlackElo "2525"]
[WhiteElo "2527"]

1. e4 {[%clk 1:30:57]} e6 {[%clk 1:30:56]} 2. d4 {[%clk 1:31:21]} d5
{[%clk 1:31:20]} 3. Nd2 {[%clk 1:31:46]} c5 {[%clk 1:31:45]} 4. exd5
{[%clk 1:31:42]} Qxd5 {[%clk 1:32:10]} 5. Ngf3 {[%clk 1:31:57]} cxd4
{[%clk 1:32:32]} 6. Bc4 {[%clk 1:32:13]} Qd6 {[%clk 1:32:59]} 7. O-O
{[%clk 1:30:53]} Nf6 {[%clk 1:33:25]} 8. Nb3 {[%clk 1:30:50]} Nc6
{[%clk 1:33:51]} 9. Nbxd4 {[%clk 1:30:56]} Nxd4 {[%clk 1:34:16]} 10. Nxd4
{[%clk 1:31:17]} a6 {[%clk 1:34:41]} 11. Re1 {[%clk 1:27:53]} Qc7
{[%clk 1:34:36]} 12. Bf1 {[%clk 1:28:20]} Be7 {[%clk 1:29:06]} 13. Qf3
{[%clk 1:19:12]} O-O {[%clk 1:29:33]} 14. Bf4 {[%clk 1:18:20]} Bd6
{[%clk 1:30:02]} 15. Bxd6 {[%clk 1:14:01]} Qxd6 {[%clk 1:30:30]} 16. Rad1
{[%clk 1:14:10]} Qb6 {[%clk 1:30:55]} 17. Qb3 {[%clk 1:13:45]} Qc7
{[%clk 1:21:42]} 18. Qg3 {[%clk 1:07:16]} Qb6 {[%clk 1:18:45]} 19. b3
{[%clk 0:59:16]} Rd8 {[%clk 1:15:02]} 20. Nf3 {[%clk 0:43:47]} Bd7
{[%clk 1:14:09]} 21. Ne5 {[%clk 0:41:25]} Bb5 {[%clk 1:06:44]} 22. c4
{[%clk 0:41:24]} Be8 {[%clk 1:07:12]} 23. Qf3 {[%clk 0:32:45]} Nd7
{[%clk 0:53:17]} 24. Rxd7 {[%clk 0:29:10]} Rxd7 {[%clk 0:53:42]} 25. Nxd7
{[%clk 0:29:36]} Bxd7 {[%clk 0:54:06]} 26. Rd1 {[%clk 0:30:00]} Bc6
{[%clk 0:54:28]} 27. Qe3 {[%clk 0:29:08]} Qxe3 {[%clk 0:52:38]} 28. fxe3
{[%clk 0:27:56]} Kf8 {[%clk 0:53:04]} 29. b4 {[%clk 0:26:40]} Ke7
{[%clk 0:53:07]} 30. Kf2 {[%clk 0:24:18]} Rc8 {[%clk 0:45:14]} 31. Be2
{[%clk 0:21:52]} g6 {[%clk 0:35:56]} 1/2-1/2

[Event "World Chess Olympiad 2018"]
[Site "Batumi"]
[Date "2018.10.04"]
[Round "10"]
[Board "3"]
[WhiteFideId "1506536"]
[White "Notkevich Benjamin Arvola"]
[BlackFideId "912336"]
[Black "Zajic Milan"]
[Result "1-0"]
[LiveChessVersion "1.4.8"]
[BlackElo "2497"]
[WhiteElo "2493"]

1. e4 {[%clk 1:30:57]} e5 {[%clk 1:30:48]} 2. Nf3 {[%clk 1:31:23]} Nc6
{[%clk 1:31:08]} 3. Bb5 {[%clk 1:31:46]} a6 {[%clk 1:31:31]} 4. Ba4
{[%clk 1:32:11]} Nf6 {[%clk 1:31:47]} 5. O-O {[%clk 1:32:35]} Be7
{[%clk 1:31:37]} 6. Re1 {[%clk 1:32:59]} b5 {[%clk 1:31:45]} 7. Bb3
{[%clk 1:33:24]} d6 {[%clk 1:31:25]} 8. c3 {[%clk 1:33:47]} O-O {[%clk 1:31:35]}
9. h3 {[%clk 1:34:14]} Nb8 {[%clk 1:29:37]} 10. d4 {[%clk 1:34:32]} Nbd7
{[%clk 1:30:02]} 11. Nbd2 {[%clk 1:34:49]} Bb7 {[%clk 1:29:23]} 12. Bc2
{[%clk 1:35:12]} Re8 {[%clk 1:27:52]} 13. Nf1 {[%clk 1:35:33]} Bf8
{[%clk 1:27:26]} 14. Ng3 {[%clk 1:35:57]} g6 {[%clk 1:27:02]} 15. a4
{[%clk 1:36:14]} c5 {[%clk 1:27:08]} 16. d5 {[%clk 1:36:40]} c4 {[%clk 1:27:13]}
17. Bg5 {[%clk 1:37:02]} Be7 {[%clk 1:20:57]} 18. Be3 {[%clk 1:23:38]} Qc7
{[%clk 1:15:42]} 19. Nh2 {[%clk 1:21:12]} Nc5 {[%clk 1:12:04]} 20. Rf1
{[%clk 0:51:36]} h5 {[%clk 0:55:17]} 21. axb5 {[%clk 0:47:24]} h4
{[%clk 0:47:48]} 22. b6 {[%clk 0:44:01]} Qc8 {[%clk 0:36:45]} 23. Ne2
{[%clk 0:38:37]} Ncxe4 {[%clk 0:34:30]} 24. Ra5 {[%clk 0:30:07]} Nc5
{[%clk 0:32:55]} 25. f4 {[%clk 0:12:19]} Nxd5 {[%clk 0:29:45]} 26. Qd2
{[%clk 0:05:40]} Nxe3 {[%clk 0:15:53]} 27. Qxe3 {[%clk 0:06:04]} Qc6
{[%clk 0:15:33]} 28. Rf2 {[%clk 0:02:49]} f5 {[%clk 0:04:38]} 29. Nf3
{[%clk 0:01:48]} Nd3 {[%clk 0:04:48]} 30. fxe5 {[%clk 0:00:44]} Nxf2
{[%clk 0:04:22]} 31. Ba4 {[%clk 0:00:54]} Nxh3+ {[%clk 0:02:27]} 32. Kh2
{[%clk 0:01:15]} Qe4 {[%clk 0:01:48]} 33. Qh6 {[%clk 0:01:36]} f4
{[%clk 0:01:57]} 34. Bxe8 {[%clk 0:01:00]} Rxe8 {[%clk 0:02:11]} 35. Kxh3
{[%clk 0:01:06]} Qf5+ {[%clk 0:01:38]} 36. Kh2 {[%clk 0:01:31]} Bxf3
{[%clk 0:01:46]} 37. exd6 {[%clk 0:00:50]} Bf8 {[%clk 0:01:23]} 38. Rxf5
{[%clk 0:01:10]} Bxh6 {[%clk 0:01:48]} 39. d7 {[%clk 0:01:30]} Rd8
{[%clk 0:01:57]} 40. Rc5 {[%clk 0:31:07]} Bg4 {[%clk 0:30:35]} 41. b7
{[%clk 0:29:43]} Bxd7 {[%clk 0:30:36]} 42. Rd5 {[%clk 0:28:17]} f3
{[%clk 0:27:12]} 43. Rxd7 {[%clk 0:22:10]} Re8 {[%clk 0:27:29]} 44. Re7
{[%clk 0:21:13]} Rxe7 {[%clk 0:27:23]} 45. b8=Q+ {[%clk 0:21:35]} Kh7
{[%clk 0:27:22]} 46. gxf3 {[%clk 0:21:08]} Rxe2+ {[%clk 0:27:14]} 47. Kh3
{[%clk 0:19:37]} Bg7 {[%clk 0:23:49]} 48. Qf4 {[%clk 0:11:55]} Rxb2
{[%clk 0:22:23]} 49. Qxh4+ {[%clk 0:12:18]} Kg8 {[%clk 0:22:20]} 50. Qxc4+
{[%clk 0:12:35]} Kh7 {[%clk 0:22:37]} 51. Qh4+ {[%clk 0:11:23]} Kg8
{[%clk 0:21:44]} 52. Qd8+ {[%clk 0:11:48]} Kh7 {[%clk 0:22:09]} 53. c4
{[%clk 0:12:08]} Rb3 {[%clk 0:11:41]} 54. Qh4+ {[%clk 0:10:29]} Kg8
{[%clk 0:11:40]} 55. Qd8+ {[%clk 0:10:50]} Kh7 {[%clk 0:11:55]} 56. Kg4
{[%clk 0:10:39]} Rc3 {[%clk 0:09:43]} 57. Qd5 {[%clk 0:09:53]} a5
{[%clk 0:09:22]} 58. Qb5 {[%clk 0:07:18]} Ra3 {[%clk 0:04:30]} 59. c5
{[%clk 0:05:51]} a4 {[%clk 0:04:09]} 60. c6 {[%clk 0:06:15]} Ra1 {[%clk 0:04:03]}
61. Qc4 {[%clk 0:01:12]} a3 {[%clk 0:03:39]} 62. c7 {[%clk 0:01:21]} a2
{[%clk 0:03:41]} 63. c8=Q {[%clk 0:01:11]} Rg1+ {[%clk 0:04:04]} 64. Kh3
{[%clk 0:01:22]} Rh1+ {[%clk 0:04:03]} 65. Kg2 {[%clk 0:01:45]} a1=Q
{[%clk 0:03:52]} 66. Q8g8+ {[%clk 0:01:52]} Kh6 {[%clk 0:04:20]} 67. Qf4+
{[%clk 0:02:02]} g5 {[%clk 0:04:44]} 68. Qe6+ {[%clk 0:02:20]} 1-0

[Event "World Chess Olympiad 2018"]
[Site "Batumi"]
[Date "2018.10.04"]
[Round "10"]
[Board "4"]
[WhiteFideId "912123"]
[White "Nenezic Marko"]
[BlackFideId "1509500"]
[Black "Salomon Johan"]
[Result "1/2-1/2"]
[LiveChessVersion "1.4.8"]
[BlackElo "2477"]
[WhiteElo "2495"]

1. Nf3 {[%clk 1:30:43]} Nf6 {[%clk 1:30:55]} 2. g3 {[%clk 1:30:52]} b5
{[%clk 1:31:19]} 3. Bg2 {[%clk 1:30:44]} Bb7 {[%clk 1:31:46]} 4. O-O
{[%clk 1:30:32]} e6 {[%clk 1:32:09]} 5. d3 {[%clk 1:28:24]} c5 {[%clk 1:32:03]}
6. e4 {[%clk 1:27:58]} d6 {[%clk 1:32:25]} 7. Qe2 {[%clk 1:24:52]} Nbd7
{[%clk 1:30:49]} 8. Nbd2 {[%clk 1:23:25]} Be7 {[%clk 1:28:57]} 9. Re1
{[%clk 1:13:30]} a6 {[%clk 1:25:08]} 10. a4 {[%clk 1:10:47]} O-O {[%clk 1:19:38]}
11. b3 {[%clk 1:07:56]} bxa4 {[%clk 1:07:22]} 12. Rxa4 {[%clk 1:02:19]} Nb6
{[%clk 1:07:31]} 13. Ra5 {[%clk 0:59:15]} Nfd7 {[%clk 1:07:40]} 14. Bb2
{[%clk 0:57:41]} Nb8 {[%clk 1:06:58]} 15. Raa1 {[%clk 0:51:28]} a5
{[%clk 1:03:00]} 16. d4 {[%clk 0:40:24]} cxd4 {[%clk 1:02:48]} 17. Nxd4
{[%clk 0:40:43]} N8d7 {[%clk 1:01:32]} 18. e5 {[%clk 0:38:25]} d5
{[%clk 0:54:29]} 19. Ba3 {[%clk 0:31:19]} Bxa3 {[%clk 0:47:33]} 20. Rxa3
{[%clk 0:31:46]} Qe7 {[%clk 0:47:54]} 21. Rea1 {[%clk 0:28:17]} Qb4
{[%clk 0:39:25]} 22. N2f3 {[%clk 0:21:57]} Rfc8 {[%clk 0:31:17]} 23. Qe1
{[%clk 0:21:14]} Qxe1+ {[%clk 0:27:28]} 24. Rxe1 {[%clk 0:21:33]} Rc3
{[%clk 0:23:33]} 25. Rea1 {[%clk 0:18:30]} a4 {[%clk 0:23:03]} 26. Bf1
{[%clk 0:17:45]} f6 {[%clk 0:21:39]} 27. bxa4 {[%clk 0:10:09]} Rxa3
{[%clk 0:21:49]} 28. Rxa3 {[%clk 0:10:36]} fxe5 {[%clk 0:19:29]} 29. Nxe6
{[%clk 0:10:42]} Rxa4 {[%clk 0:18:43]} 30. Rxa4 {[%clk 0:08:54]} Nxa4
{[%clk 0:19:10]} 31. Bb5 {[%clk 0:08:21]} Nab6 {[%clk 0:19:16]} 32. Nd8
{[%clk 0:07:56]} Ba8 {[%clk 0:17:53]} 33. Bc6 {[%clk 0:07:48]} Bxc6
{[%clk 0:16:41]} 34. Nxc6 {[%clk 0:07:09]} 1/2-1/2

[Event "World Chess Olympiad 2018"]
[Site "Batumi"]
[Date "2018.10.04"]
[Round "10"]
[Board "1"]
[WhiteFideId "10601457"]
[White "Amin Bassem"]
[BlackFideId "13601520"]
[Black "Jobava Baadur"]
[Result "1-0"]
[LiveChessVersion "1.4.8"]
[BlackElo "2634"]
[WhiteElo "2686"]

1. Nf3 {[%clk 1:30:11]} d5 {[%clk 1:30:29]} 2. g3 {[%clk 1:30:34]} g6
{[%clk 1:30:12]} 3. Bg2 {[%clk 1:29:07]} Bg7 {[%clk 1:30:33]} 4. c4
{[%clk 1:29:19]} Nf6 {[%clk 1:30:20]} 5. O-O {[%clk 1:28:09]} O-O
{[%clk 1:30:34]} 6. cxd5 {[%clk 1:28:03]} Nxd5 {[%clk 1:30:56]} 7. Nc3
{[%clk 1:28:10]} Nc6 {[%clk 1:30:13]} 8. d4 {[%clk 1:26:16]} e5 {[%clk 1:29:58]}
9. Bg5 {[%clk 1:07:05]} Nxc3 {[%clk 1:27:52]} 10. bxc3 {[%clk 1:07:27]} f6
{[%clk 1:28:05]} 11. Be3 {[%clk 1:00:44]} e4 {[%clk 1:28:02]} 12. Nd2
{[%clk 0:59:02]} f5 {[%clk 1:28:22]} 13. Nb3 {[%clk 0:52:13]} Ne7
{[%clk 1:09:48]} 14. c4 {[%clk 0:51:40]} a5 {[%clk 1:06:22]} 15. a4
{[%clk 0:47:56]} b6 {[%clk 1:04:33]} 16. Qc1 {[%clk 0:44:57]} Ba6
{[%clk 1:03:16]} 17. f3 {[%clk 0:39:22]} Qd6 {[%clk 0:55:28]} 18. Qc2
{[%clk 0:35:36]} exf3 {[%clk 0:42:02]} 19. Rxf3 {[%clk 0:35:41]} Rae8
{[%clk 0:37:33]} 20. Rc1 {[%clk 0:31:38]} Qd7 {[%clk 0:30:58]} 21. d5
{[%clk 0:29:50]} Qxa4 {[%clk 0:30:35]} 22. Bf4 {[%clk 0:30:01]} c5
{[%clk 0:28:14]} 23. Re3 {[%clk 0:21:53]} Nc8 {[%clk 0:26:56]} 24. Rxe8
{[%clk 0:20:35]} Qxe8 {[%clk 0:27:02]} 25. e4 {[%clk 0:20:05]} fxe4
{[%clk 0:26:02]} 26. Bh3 {[%clk 0:20:25]} Rxf4 {[%clk 0:26:00]} 27. gxf4
{[%clk 0:20:36]} Nd6 {[%clk 0:26:25]} 28. Be6+ {[%clk 0:20:50]} Kh8
{[%clk 0:26:50]} 29. Nd2 {[%clk 0:20:33]} Bd4+ {[%clk 0:26:03]} 30. Kg2
{[%clk 0:14:46]} Qf8 {[%clk 0:24:05]} 31. Nxe4 {[%clk 0:11:50]} Nxc4
{[%clk 0:24:20]} 32. Kg3 {[%clk 0:11:49]} b5 {[%clk 0:18:43]} 33. Qe2
{[%clk 0:09:26]} Be3 {[%clk 0:08:53]} 34. Rf1 {[%clk 0:09:27]} b4
{[%clk 0:09:09]} 35. f5 {[%clk 0:08:11]} gxf5 {[%clk 0:06:35]} 36. Rxf5
{[%clk 0:08:28]} Qg7+ {[%clk 0:07:00]} 37. Qg4 {[%clk 0:08:31]} Bd4
{[%clk 0:02:02]} 38. Qxg7+ {[%clk 0:04:01]} Kxg7 {[%clk 0:02:27]} 39. d6
{[%clk 0:04:07]} Be5+ {[%clk 0:01:47]} 40. Kf2 {[%clk 0:31:45]} Bd4+
{[%clk 0:31:44]} 41. Kg3 {[%clk 0:25:40]} Ne5 {[%clk 0:18:48]} 42. d7
{[%clk 0:20:48]} Nxd7 {[%clk 0:15:21]} 43. Rf7+ {[%clk 0:20:56]} Kh8
{[%clk 0:13:30]} 44. Rxd7 {[%clk 0:21:03]} a4 {[%clk 0:13:47]} 45. Kf4
{[%clk 0:17:10]} h6 {[%clk 0:06:23]} 46. Ra7 {[%clk 0:16:14]} Bb5
{[%clk 0:01:31]} 47. Nd6 {[%clk 0:16:34]} 1-0

[Event "World Chess Olympiad 2018"]
[Site "Batumi"]
[Date "2018.10.04"]
[Round "10"]
[Board "2"]
[WhiteFideId "13600966"]
[White "Mchedlishvili Mikheil"]
[BlackFideId "10601619"]
[Black "Adly Ahmed"]
[Result "1/2-1/2"]
[LiveChessVersion "1.4.8"]
[BlackElo "2620"]
[WhiteElo "2607"]

1. Nf3 {[%clk 1:30:51]} Nf6 {[%clk 1:30:03]} 2. g3 {[%clk 1:30:44]} b5
{[%clk 1:29:57]} 3. Bg2 {[%clk 1:28:52]} Bb7 {[%clk 1:30:24]} 4. O-O
{[%clk 1:25:13]} c5 {[%clk 1:28:43]} 5. b3 {[%clk 1:22:16]} g6 {[%clk 1:27:13]}
6. c4 {[%clk 1:19:29]} bxc4 {[%clk 1:26:26]} 7. bxc4 {[%clk 1:19:50]} Bg7
{[%clk 1:26:48]} 8. Bb2 {[%clk 1:16:33]} O-O {[%clk 1:22:51]} 9. d3
{[%clk 1:15:53]} d6 {[%clk 1:21:53]} 10. Nbd2 {[%clk 1:13:18]} Nbd7
{[%clk 1:21:56]} 11. Qa4 {[%clk 1:12:12]} Nb6 {[%clk 1:19:45]} 12. Qa3
{[%clk 1:11:18]} Bc6 {[%clk 1:17:44]} 13. Rab1 {[%clk 1:10:36]} Qc7
{[%clk 1:18:00]} 14. Ba1 {[%clk 1:04:20]} Rfb8 {[%clk 1:17:51]} 15. Nb3
{[%clk 1:02:14]} a5 {[%clk 1:14:34]} 16. Nbd2 {[%clk 1:01:27]} Na4
{[%clk 1:11:52]} 17. Rxb8+ {[%clk 0:50:58]} Rxb8 {[%clk 1:11:16]} 18. Nb3
{[%clk 0:43:39]} Ne8 {[%clk 1:10:06]} 19. Qc1 {[%clk 0:42:49]} Bxf3
{[%clk 1:01:16]} 20. Bxf3 {[%clk 0:41:34]} Bxa1 {[%clk 1:01:43]} 21. Qxa1
{[%clk 0:41:14]} Rb4 {[%clk 1:02:07]} 22. Rb1 {[%clk 0:39:54]} Qb6
{[%clk 1:01:06]} 23. e3 {[%clk 0:38:59]} Nf6 {[%clk 1:00:09]} 24. Bd1
{[%clk 0:37:41]} Qb7 {[%clk 0:58:43]} 25. Rc1 {[%clk 0:29:15]} Qa8
{[%clk 0:54:59]} 26. a3 {[%clk 0:26:08]} Rb6 {[%clk 0:48:38]} 27. Qa2
{[%clk 0:25:55]} Nd7 {[%clk 0:43:38]} 28. d4 {[%clk 0:24:40]} Nf6
{[%clk 0:38:10]} 29. Qc2 {[%clk 0:24:05]} Rb8 {[%clk 0:37:12]} 30. Qd2
{[%clk 0:19:26]} Ne4 {[%clk 0:28:37]} 31. Qxa5 {[%clk 0:18:17]} Qxa5
{[%clk 0:28:53]} 32. Nxa5 {[%clk 0:18:41]} Nac3 {[%clk 0:29:20]} 33. dxc5
{[%clk 0:12:26]} Nxd1 {[%clk 0:22:51]} 1/2-1/2

[Event "World Chess Olympiad 2018"]
[Site "Batumi"]
[Date "2018.10.04"]
[Round "10"]
[Board "3"]
[WhiteFideId "10613129"]
[White "Fawzy Adham"]
[BlackFideId "2905540"]
[Black "Cheparinov Ivan"]
[Result "1/2-1/2"]
[LiveChessVersion "1.4.8"]
[BlackElo "2715"]
[WhiteElo "2431"]

1. e4 {[%clk 1:30:46]} c5 {[%clk 1:30:55]} 2. Nf3 {[%clk 1:31:12]} d6
{[%clk 1:31:22]} 3. d4 {[%clk 1:31:36]} cxd4 {[%clk 1:31:48]} 4. Nxd4
{[%clk 1:32:01]} Nf6 {[%clk 1:32:15]} 5. Nc3 {[%clk 1:32:24]} a6 {[%clk 1:32:41]}
6. Bg5 {[%clk 1:32:48]} Nbd7 {[%clk 1:31:40]} 7. Qe2 {[%clk 1:33:10]} h6
{[%clk 1:31:49]} 8. Bh4 {[%clk 1:33:34]} g6 {[%clk 1:31:59]} 9. f4
{[%clk 1:33:55]} e5 {[%clk 1:31:44]} 10. fxe5 {[%clk 1:34:17]} dxe5
{[%clk 1:32:07]} 11. O-O-O {[%clk 1:34:34]} Qc7 {[%clk 1:32:27]} 12. Nb3
{[%clk 1:34:57]} b5 {[%clk 1:32:25]} 13. Rxd7 {[%clk 1:35:14]} Nxd7
{[%clk 1:32:21]} 14. Nd5 {[%clk 1:35:38]} Qd6 {[%clk 1:27:04]} 15. Na5
{[%clk 1:35:58]} Ra7 {[%clk 1:03:01]} 16. Qf2 {[%clk 1:28:00]} Rc7
{[%clk 0:54:13]} 17. Be2 {[%clk 1:12:08]} Qc5 {[%clk 0:53:35]} 18. Bg4
{[%clk 1:08:48]} g5 {[%clk 0:48:23]} 19. Rf1 {[%clk 1:02:54]} Qxf2
{[%clk 0:30:29]} 20. Nxc7+ {[%clk 0:59:34]} Kd8 {[%clk 0:30:05]} 21. Bxf2
{[%clk 0:58:58]} Kxc7 {[%clk 0:30:29]} 22. Bg3 {[%clk 0:59:13]} f6
{[%clk 0:29:44]} 23. Bxd7 {[%clk 0:58:30]} Kxd7 {[%clk 0:29:58]} 24. Rxf6
{[%clk 0:57:06]} Bd6 {[%clk 0:29:53]} 25. c4 {[%clk 0:50:18]} h5 {[%clk 0:18:23]}
26. b4 {[%clk 0:47:48]} h4 {[%clk 0:11:59]} 27. Be1 {[%clk 0:48:05]} Rf8
{[%clk 0:12:07]} 28. Rxf8 {[%clk 0:46:19]} Bxf8 {[%clk 0:12:35]} 29. Kc2
{[%clk 0:43:49]} bxc4 {[%clk 0:09:40]} 30. Nxc4 {[%clk 0:34:24]} Ke6
{[%clk 0:09:50]} 31. Bc3 {[%clk 0:32:50]} Bd7 {[%clk 0:09:04]} 32. h3
{[%clk 0:25:50]} Bc6 {[%clk 0:07:31]} 33. Nd2 {[%clk 0:25:19]} Bb5
{[%clk 0:06:32]} 34. Kd1 {[%clk 0:20:03]} Be7 {[%clk 0:06:53]} 35. Ke1
{[%clk 0:19:51]} Bd8 {[%clk 0:06:35]} 36. Kf2 {[%clk 0:19:27]} Bb6+
{[%clk 0:03:53]} 37. Kf3 {[%clk 0:19:48]} Ba4 {[%clk 0:02:15]} 38. Kg4
{[%clk 0:13:18]} Be3 {[%clk 0:02:25]} 39. Nf3 {[%clk 0:13:23]} Bd1
{[%clk 0:00:49]} 40. Bxe5 {[%clk 0:42:43]} Bd2 {[%clk 0:30:39]} 41. Bd4
{[%clk 0:36:27]} Be2 {[%clk 0:25:08]} 42. a3 {[%clk 0:32:50]} Bd1
{[%clk 0:25:30]} 43. Kh5 {[%clk 0:28:38]} Bc1 {[%clk 0:18:21]} 44. a4
{[%clk 0:25:00]} Be2 {[%clk 0:14:21]} 45. Kg6 {[%clk 0:20:58]} g4
{[%clk 0:12:37]} 46. hxg4 {[%clk 0:21:26]} h3 {[%clk 0:09:23]} 47. Bg1
{[%clk 0:21:55]} Ke7 {[%clk 0:07:12]} 48. Nd4 {[%clk 0:14:35]} Bxg4
{[%clk 0:07:40]} 49. gxh3 {[%clk 0:15:04]} Bxh3 {[%clk 0:07:59]} 50. Nf5+
{[%clk 0:13:26]} Ke6 {[%clk 0:07:33]} 51. Bd4 {[%clk 0:13:11]} Bd2
{[%clk 0:06:34]} 52. b5 {[%clk 0:13:15]} axb5 {[%clk 0:06:52]} 53. axb5
{[%clk 0:13:44]} Bf1 {[%clk 0:06:57]} 54. b6 {[%clk 0:13:51]} Ba6
{[%clk 0:04:40]} 55. Ng7+ {[%clk 0:14:10]} Kd6 {[%clk 0:02:42]} 56. Kf6
{[%clk 0:13:58]} Kc6 {[%clk 0:02:21]} 57. e5 {[%clk 0:12:45]} Bc4
{[%clk 0:00:39]} 58. Nf5 {[%clk 0:09:25]} Ba5 {[%clk 0:00:43]} 59. Nd6
{[%clk 0:08:16]} Ba6 {[%clk 0:00:37]} 60. e6 {[%clk 0:06:41]} Kxd6
{[%clk 0:01:06]} 61. e7 {[%clk 0:07:09]} Kd7 {[%clk 0:01:12]} 1/2-1/2

[Event "World Chess Olympiad 2018"]
[Site "Batumi"]
[Date "2018.10.04"]
[Round "10"]
[Board "4"]
[WhiteFideId "13602543"]
[White "Jojua Davit"]
[BlackFideId "10602771"]
[Black "Sadek Sameh"]
[Result "1-0"]
[LiveChessVersion "1.4.8"]
[BlackElo "2331"]
[WhiteElo "2590"]

1. d4 {[%clk 1:30:57]} d5 {[%clk 1:28:50]} 2. c4 {[%clk 1:31:18]} c6
{[%clk 1:29:13]} 3. cxd5 {[%clk 1:31:21]} cxd5 {[%clk 1:29:38]} 4. Bf4
{[%clk 1:31:47]} Nc6 {[%clk 1:29:58]} 5. e3 {[%clk 1:32:10]} Nf6 {[%clk 1:28:41]}
6. Nc3 {[%clk 1:32:21]} Bf5 {[%clk 1:28:29]} 7. Qb3 {[%clk 1:32:26]} Na5
{[%clk 1:28:42]} 8. Qa4+ {[%clk 1:32:49]} Bd7 {[%clk 1:28:51]} 9. Qc2
{[%clk 1:33:11]} Rc8 {[%clk 1:28:50]} 10. Bd3 {[%clk 1:31:41]} b5
{[%clk 1:28:56]} 11. a3 {[%clk 1:28:52]} e6 {[%clk 1:29:23]} 12. Nf3
{[%clk 1:26:03]} Be7 {[%clk 1:29:50]} 13. O-O {[%clk 1:21:16]} O-O
{[%clk 1:30:16]} 14. Ne5 {[%clk 1:16:21]} Nc4 {[%clk 1:30:06]} 15. Qe2
{[%clk 1:10:19]} Be8 {[%clk 1:30:17]} 16. a4 {[%clk 0:59:28]} b4 {[%clk 1:27:03]}
17. Nb5 {[%clk 0:59:07]} a6 {[%clk 1:14:35]} 18. Na7 {[%clk 0:59:25]} Rc7
{[%clk 1:13:24]} 19. Nxc4 {[%clk 0:59:42]} dxc4 {[%clk 1:05:46]} 20. Bxc7
{[%clk 1:00:06]} Qxc7 {[%clk 1:05:38]} 21. Bxc4 {[%clk 1:00:27]} Qxa7
{[%clk 1:06:03]} 22. Bxa6 {[%clk 1:00:51]} Bd7 {[%clk 1:04:48]} 23. Bb5
{[%clk 0:58:09]} Ra8 {[%clk 0:51:26]} 24. Rfc1 {[%clk 0:53:16]} Kf8
{[%clk 0:49:15]} 25. Bc6 {[%clk 0:42:56]} Rb8 {[%clk 0:40:08]} 26. Bxd7
{[%clk 0:41:24]} Nxd7 {[%clk 0:39:17]} 27. a5 {[%clk 0:36:34]} Bd6
{[%clk 0:38:23]} 28. Rc6 {[%clk 0:28:42]} Ke7 {[%clk 0:32:15]} 29. a6
{[%clk 0:28:30]} Rb6 {[%clk 0:32:04]} 30. Rxb6 {[%clk 0:27:35]} Nxb6
{[%clk 0:32:31]} 31. Qb5 {[%clk 0:27:32]} Bc7 {[%clk 0:10:54]} 32. Qxb4+
{[%clk 0:26:48]} Ke8 {[%clk 0:11:16]} 33. Qc5 {[%clk 0:23:54]} Nc8
{[%clk 0:11:03]} 34. b4 {[%clk 0:24:03]} g6 {[%clk 0:09:46]} 35. b5
{[%clk 0:22:34]} Kd7 {[%clk 0:07:35]} 36. g3 {[%clk 0:16:47]} Bb6
{[%clk 0:06:56]} 37. Qc6+ {[%clk 0:16:19]} Kd8 {[%clk 0:07:10]} 38. Rc1
{[%clk 0:14:33]} Qc7 {[%clk 0:06:09]} 39. Qxc7+ {[%clk 0:13:39]} Bxc7
{[%clk 0:06:36]} 40. Kf1 {[%clk 0:40:01]} Kd7 {[%clk 0:31:39]} 41. Ke2
{[%clk 0:39:52]} Bb6 {[%clk 0:26:49]} 42. Kd3 {[%clk 0:39:29]} Na7
{[%clk 0:19:27]} 43. Kc4 {[%clk 0:38:58]} f6 {[%clk 0:11:27]} 44. g4
{[%clk 0:38:51]} Nc8 {[%clk 0:09:37]} 45. Ra1 {[%clk 0:37:40]} Kc7
{[%clk 0:06:56]} 46. Kb4 {[%clk 0:33:25]} Kd7 {[%clk 0:06:54]} 47. Ra3
{[%clk 0:32:01]} Kc7 {[%clk 0:06:10]} 48. Rc3+ {[%clk 0:29:23]} Kd7
{[%clk 0:06:07]} 49. Rc6 {[%clk 0:28:13]} Bd8 {[%clk 0:04:25]} 50. Rxc8
{[%clk 0:22:49]} Kxc8 {[%clk 0:04:52]} 51. Kc5 {[%clk 0:23:16]} Kb8
{[%clk 0:04:20]} 52. b6 {[%clk 0:20:11]} Be7+ {[%clk 0:03:48]} 53. Kc6
{[%clk 0:20:37]} Bb4 {[%clk 0:04:17]} 54. a7+ {[%clk 0:20:27]} 1-0